Contemplación / (Record no. 85888)

MARC details
000 -LEADER
campo de control de longitud fija 00520nam a2200169 i 4500
001 - NÚMERO DE CONTROL
campo de control 85888
003 - IDENTIFICADOR DE NÚMERO DE CONTROL
campo de control ES-MaACL
007 - CAMPO FIJO DE DESCRIPCIÓN FÍSICA--INFORMACIÓN GENERAL
campo de control de longitud fija t|
008 - DATOS DE LONGITUD FIJA--INFORMACIÓN GENERAL
campo de control de longitud fija 041202s1977 ag ||||1| spa d
100 0# - ENTRADA PRINCIPAL--NOMBRE DE PERSONA
Nombre de persona Kafka, Franz,
Fechas asociadas al nombre 1883-1924
9 (RLIN) 67400
245 10 - MENCIÓN DEL TÍTULO
Título Contemplación /
Mención de responsabilidad, etc. Franz Kafka ; traducción, prólogo y notas pos Oscar Caeiro.
260 ## - PUBLICACIÓN, DISTRIBUCIÓN, ETC.
Lugar de publicación, distribución, etc. Buenos Aires :
Nombre del editor, distribuidor, etc. Goncourt,
Fecha de publicación, distribución, etc. [1977]
300 ## - DESCRIPCIÓN FÍSICA
Extensión 57 p. ;
Dimensiones 19 cm.
700 1# - ENTRADA AGREGADA--NOMBRE PERSONAL
Nombre de persona Caeiro, Oscar.
9 (RLIN) 33406
852 ## - LOCALIZACIÓN
Ubicación ES-MaACL
Número de control de estantería L-7895
Sublocalización o colección R.107536
Holdings
Estatus retirado Estado de pérdida Estado de daño No para préstamo Biblioteca de origen Biblioteca actual Ubicación en estantería Fecha de adquisición Fuente de adquisición Total de préstamos Signatura topográfica completa Código de barras Visto por última vez Precio de reemplazo Tipo de ítem Koha
        Biblioteca del Ateneo de Madrid Biblioteca del Ateneo de Madrid Depósito 2 17/01/2008     L-7895 1089753 23/02/2023 23/02/2023 Libro impreso